MARC

LEADER 00000nam0a2200000 4500
001 30297
005 20231030203847.0
010 |a 5824300291 
035 |a (RuTPU)RU\TPU\book\30567 
035 |a BOOK00000095 
090 |a 30297 
100 |a 20011209d2000 u y0rusy50 ca 
101 0 |a rus 
102 |a RU 
105 |a cfo 001|y 
200 1 |a История предпринимательства в России  |h Кн. 1  |i От средневековья до середины XIX века  |f Российская академия наук, Институт российской истории 
210 |a Москва  |c РОССПЭН  |d 2000 
215 |a 480 с.  |c ил. 
320 |a Имен. указ.: с. 453-476. 
610 1 |a экономика 
610 1 |a экономическая история 
610 1 |a Россия 
610 1 |a предпринимательство 
610 1 |a средние века 
610 1 |a купечество 
610 1 |a ремесло 
610 1 |a 16 век 
610 1 |a 17 век 
610 1 |a 18 век 
610 1 |a промышленный переворот 
610 1 |a 19 век 
610 1 |a купеческие роды 
686 |a У03(2)  |v LBC/SL-A  |2 rubbk 
712 0 2 |a Российская академия наук  |b Институт российской истории  |2 stltpush  |3 (RuTPU)RU\TPU\col\175 
801 0 |a RU  |b 63413507  |c 20011209  |g PSBO 
801 2 |a RU  |b 63413507  |c 20120521  |g PSBO 
942 |c BK